000 00678nam a2200205Ia 4500
003 GCL
008 140319s9999 xx 000 0 ara d
020 _a6288215977
040 _aGCL /
_cGCL
082 0 4 _a780.92
_bف ع
100 1 _aفاروق جويدة
245 1 0 _aعبدالوهاب وأوراقه الخاصة جداً /
_cفاروق جويدة
250 _aالاولى
260 _aالقاهرة :
_bدار غريب للطباعة والنشر والتوزيع ،
_c1998
300 _a218ص ؛
_c24سم
650 0 4 _aالموسيقيون المصريون
650 0 4 _aمحمد عبدالوهاب
650 0 4 _aالرجال - تراجم
942 _2ddc
_cBK
999 _c58406
_d58406